000
00300nam a22001457a 4500
020
_a
978-0078447853
041
_a
ENG
100
_a
Holman.J.P
245
_a
Heat Transfer
250
_a
4rth End
260
_a
New Delhi
_b
Tata McGraw Hill
_c
2003
300
_a
696
650
_a
APE
856
_u
APE ( 2 )
999
_c
451
_d
451